[Event "C.to Italiano Semifinale"]
[Site "Cortina d'Ampezzo ITA"]
[Date "2006.07.11"]
[Round "4"]
[White "Garcia Palermo, Carlos Horacio"]
[Black "Piscopo, Pierluigi"]
[Result "1-0"]
[WhiteElo "2445"]
[BlackElo "2393"]
[PlyCount "89"]
[EventDate "2006.07.09"]

1. d4 c5 2. d5 Nf6 3. Nf3 e6 4. Nc3 Nxd5 5. Nxd5 exd5 6. Qxd5 Be7 7. e4 O-O 8.
Bc4 d6 9. Qh5 Qe8 10. O-O Nd7 11. a4 Nf6 12. Qh4 Bd7 13. Re1 Bc6 14. e5 Ne4 15.
Qg4 Kh8 16. Bb5 f5 17. exf6 Nxf6 18. Qe6 Ng8 19. Bg5 Bxg5 20. Qxe8 Raxe8 21.
Nxg5 Re7 22. Bxc6 bxc6 23. Rxe7 Nxe7 24. Re1 Nf5 25. g4 Nd4 26. c3 h6 27. cxd4
hxg5 28. dxc5 dxc5 29. Re5 Rf4 30. h3 Rxa4 31. Rxc5 Rb4 32. Rxg5 Rxb2 33. Ra5
Rb7 34. f4 g6 35. Kf2 Kg7 36. Ra6 Rc7 37. Ke3 Kf6 38. Kd4 Ke6 39. Kc5 Kd7 40.
h4 Ke8 41. Rxc6 Rh7 42. Rxg6 Rxh4 43. Kd5 Kf7 44. f5 a5 45. Ke5 1-0

[Event "C.to Italiano Semifinale"]
[Site "Cortina d'Ampezzo ITA"]
[Date "2006.07.11"]
[Round "4"]
[White "Pizzuto, Samuele Tullio"]
[Black "Borgo, Giulio"]
[Result "0-1"]
[WhiteElo "2201"]
[BlackElo "2414"]
[PlyCount "40"]
[EventDate "2006.07.09"]

1. d4 d6 2. Nc3 g6 3. e4 Bg7 4. Bc4 a6 5. Qf3 e6 6. Nge2 b5 7. e5 Ra7 8. Bb3
Bb7 9. Ne4 Nd7 10. Qe3 Qa8 11. d5 Nxe5 12. dxe6 Bxe4 13. exf7+ Nxf7 14. f3 c5
15. Bxf7+ Rxf7 16. fxe4 Nf6 17. Ng3 O-O 18. Qe2 Nxe4 19. Nxe4 Re8 20. Be3 Qxe4
0-1

[Event "C.to Italiano Semifinale"]
[Site "Cortina d'Ampezzo ITA"]
[Date "2006.07.11"]
[Round "4"]
[White "Ronchetti, Niccolo'"]
[Black "Mogranzini, Roberto"]
[Result "1/2-1/2"]
[WhiteElo "2421"]
[BlackElo "2352"]
[PlyCount "50"]
[EventDate "2006.07.09"]

1. e4 c5 2. Nf3 d6 3. d4 cxd4 4. Nxd4 Nf6 5. Nc3 g6 6. Be3 Bg7 7. f3 O-O 8. Qd2
Nc6 9. O-O-O d5 10. Kb1 Nxd4 11. e5 Nf5 12. exf6 exf6 13. Bc5 d4 14. Bxf8 Qxf8
15. Nb5 Be6 16. g4 Ne3 17. Nxd4 Nxd1 18. Nxe6 fxe6 19. Qxd1 Rd8 20. Qe1 Qd6 21.
Bc4 Kh8 22. h4 f5 23. Qe2 b5 24. Bxb5 Bxb2 25. Kxb2 Qb4+ 1/2-1/2

[Event "C.to Italiano Semifinale"]
[Site "Cortina d'Ampezzo ITA"]
[Date "2006.07.11"]
[Round "4"]
[White "Scalcione, Michelangelo"]
[Black "De Santis, Alessio"]
[Result "1-0"]
[WhiteElo "2267"]
[BlackElo "2337"]
[PlyCount "67"]
[EventDate "2006.07.09"]

1. Nf3 g6 2. c4 Bg7 3. d4 d6 4. e4 Nd7 5. Nc3 e6 6. Bg5 Ne7 7. h4 h6 8. Be3 b6
9. Qd2 Bb7 10. d5 e5 11. h5 f5 12. g3 Nf6 13. hxg6 Ng4 14. Nh4 Bc8 15. Bh3 Nxe3
16. fxe3 O-O 17. O-O-O fxe4 18. Qg2 Nf5 19. Nxf5 Bxf5 20. Bxf5 Rxf5 21. g4 Rg5
22. Nxe4 Rxg6 23. Rdf1 Qe7 24. Rf5 Rf8 25. Qf3 a6 26. Qh3 b5 27. Qh5 Qe8 28.
Rhf1 bxc4 29. Rxf8+ Bxf8 30. Nf6+ Rxf6 31. Rxf6 Qe7 32. Qg6+ Bg7 33. Re6 Qf7
34. Re8+ 1-0

[Event "C.to Italiano Semifinale"]
[Site "Cortina d'Ampezzo ITA"]
[Date "2006.07.12"]
[Round "5"]
[White "Borgo, Giulio"]
[Black "Sbarra, Marco"]
[Result "1-0"]
[WhiteElo "2414"]
[BlackElo "2290"]
[PlyCount "35"]
[EventDate "2006.07.09"]

1. d4 d5 2. c4 e6 3. Nf3 c5 4. cxd5 exd5 5. Bg5 Be7 6. Bxe7 Nxe7 7. dxc5 Na6 8.
Qd4 O-O 9. e3 Qa5+ 10. Qc3 Qxc3+ 11. Nxc3 Nxc5 12. Rd1 Be6 13. Nd4 Rac8 14. Be2
Rfd8 15. f3 f6 16. b4 Na6 17. Nxe6 Rd6 18. Nd4 1-0

[Event "C.to Italiano Semifinale"]
[Site "Cortina d'Ampezzo ITA"]
[Date "2006.07.12"]
[Round "5"]
[White "Fontana, Enrico"]
[Black "Vezzosi, Paolo"]
[Result "0-1"]
[WhiteElo "2122"]
[BlackElo "2356"]
[PlyCount "32"]
[EventDate "2006.07.09"]

1. d4 Nf6 2. c4 e6 3. Nc3 Bb4 4. Bg5 c5 5. d5 Bxc3+ 6. bxc3 d6 7. e3 Qe7 8. Be2
exd5 9. cxd5 Qe5 10. Bxf6 Qxf6 11. Qd2 O-O 12. Nf3 Bf5 13. O-O Nd7 14. Bd3 Bg4
15. Ne1 Nb6 16. c4 Qxa1 0-1

[Event "C.to Italiano Semifinale"]
[Site "Cortina d'Ampezzo ITA"]
[Date "2006.07.12"]
[Round "5"]
[White "Guido, Flavio"]
[Black "Vocaturo, Daniele"]
[Result "0-1"]
[WhiteElo "2323"]
[BlackElo "2410"]
[PlyCount "72"]
[EventDate "2006.07.09"]

1. e4 c5 2. c3 Nf6 3. e5 Nd5 4. d4 cxd4 5. Nf3 e6 6. cxd4 d6 7. Bc4 Nc6 8. O-O
Be7 9. Qe2 O-O 10. Nc3 Nxc3 11. bxc3 dxe5 12. dxe5 Qa5 13. Rb1 Qxc3 14. Rb5 Na5
15. Bd3 Rd8 16. Rd1 b6 17. Bb2 Qc7 18. Qe4 Rxd3 19. Rxd3 Bb7 20. Qa4 Bc6 21.
Qc2 Qb7 22. a4 a6 23. Rxa5 bxa5 24. Rc3 Bxa4 25. Qxa4 Qxb2 26. Rd3 Bc5 27. Rd2
Qb1+ 28. Rd1 Qb6 29. Ng5 Bxf2+ 30. Kh1 Rd8 31. Rxd8+ Qxd8 32. Qc2 Be3 33. Qxh7+
Kf8 34. Qh8+ Ke7 35. Qh5 g6 36. Qg4 Qd2 0-1

[Event "C.to Italiano Semifinale"]
[Site "Cortina d'Ampezzo ITA"]
[Date "2006.07.12"]
[Round "5"]
[White "Piscopo, Pierluigi"]
[Black "Scalcione, Michelangelo"]
[Result "1-0"]
[WhiteElo "2393"]
[BlackElo "2267"]
[PlyCount "95"]
[EventDate "2006.07.09"]

1. e4 d6 2. d4 Nf6 3. Nc3 e5 4. Nf3 Nbd7 5. g3 c6 6. a4 b6 7. Bg2 Ba6 8. Bg5
Qc7 9. a5 bxa5 10. Bf1 Bxf1 11. Kxf1 Rb8 12. Ra2 Be7 13. Kg2 O-O 14. dxe5 dxe5
15. Qe2 h6 16. Bxf6 Nxf6 17. Rha1 Bb4 18. Nd1 Nd7 19. c3 Bc5 20. Rxa5 Bb6 21.
R5a2 f5 22. b4 c5 23. Qc4+ Kh7 24. exf5 Qb7 25. Ne3 cxb4 26. cxb4 Bd4 27. Re1
Nb6 28. Qa6 Qc6 29. Qe2 Nd5 30. Ra6 Qb7 31. Nxd5 Qxd5 32. Qe4 Qxe4 33. Rxe4
Rxf5 34. Nxd4 exd4 35. Rxa7 Rxb4 36. f4 Rb2+ 37. Kf3 Rb3+ 38. Kg4 Rf6 39. Rxd4
Rb2 40. Kh3 Rf2 41. Rdd7 Rg6 42. Rf7 Kg8 43. g4 Rb2 44. f5 Rg5 45. Kg3 Rb3+ 46.
Kh4 Rb2 47. h3 Rg2 48. Rfb7 1-0

[Event "C.to Italiano Semifinale"]
[Site "Cortina d'Ampezzo ITA"]
[Date "2006.07.12"]
[Round "5"]
[White "Rombaldoni, Axel"]
[Black "Luciani, Valerio"]
[Result "1-0"]
[WhiteElo "2169"]
[BlackElo "2232"]
[PlyCount "103"]
[EventDate "2006.07.09"]

1. e4 c5 2. Nf3 d6 3. d4 cxd4 4. Nxd4 Nf6 5. Nc3 a6 6. Be3 e5 7. Nb3 Be6 8. Nd5
Bxd5 9. exd5 Be7 10. c4 Nbd7 11. Be2 O-O 12. O-O Qc7 13. Rc1 b6 14. Nd2 Qb7 15.
b4 Rfc8 16. Nb3 Bf8 17. Qd2 g6 18. f3 Rc7 19. Rfd1 Rac8 20. a4 Rb8 21. Rb1 Qc8
22. Rdc1 e4 23. f4 Bg7 24. Nd4 Qb7 25. Nc6 Re8 26. a5 Kf8 27. b5 Nc5 28. bxa6
Qxa6 29. Rxb6 Qa8 30. Rcb1 Nfd7 31. R6b5 Rec8 32. Bd4 Bh6 33. Qe3 Kg8 34. Rf1
Nb8 35. Ne7+ Rxe7 36. Qh3 f5 37. Qxh6 Nba6 38. Rb6 Rd8 39. Bf6 Rf7 40. Bxd8
Qxd8 41. Rfb1 Qf6 42. Qg5 Qd4+ 43. Kh1 Nd3 44. Bxd3 exd3 45. Qd8+ Rf8 46. Qxd6
d2 47. Qe6+ Rf7 48. Rd1 Qxc4 49. Rxa6 Qc2 50. Qe8+ Kg7 51. Qe2 Rc7 52. Rc6 1-0

[Event "C.to Italiano Semifinale"]
[Site "Cortina d'Ampezzo ITA"]
[Date "2006.07.13"]
[Round "6"]
[White "Brunello, Sabino"]
[Black "Borgo, Giulio"]
[Result "1-0"]
[WhiteElo "2391"]
[BlackElo "2414"]
[PlyCount "85"]
[EventDate "2006.07.09"]

1. e4 d6 2. d4 g6 3. Nc3 Bg7 4. Be3 a6 5. f4 b5 6. Nf3 Bb7 7. Bd3 Nd7 8. e5 e6
9. O-O Ne7 10. a4 b4 11. Ne4 Nb6 12. Bf2 Bxe4 13. Bxe4 d5 14. Bd3 a5 15. c3
bxc3 16. b3 O-O 17. Rc1 Bh6 18. g3 Nc6 19. Rxc3 Nb4 20. Bb1 Nd7 21. Kg2 c6 22.
h4 Qe7 23. Rh1 Rfc8 24. h5 g5 25. fxg5 Bxg5 26. Nxg5 Qxg5 27. Be3 Qe7 28. Qg4+
Kh8 29. Qf4 Rf8 30. g4 f6 31. exf6 Rxf6 32. Qg3 Rg8 33. g5 e5 34. dxe5 Nxe5 35.
Rf1 Rxf1 36. Kxf1 d4 37. Bxd4 Rxg5 38. Qf4 Kg8 39. Rg3 Nf7 40. Bf6 Qxf6 41.
Qxf6 Rxg3 42. h6 Rg5 43. Qe7 1-0

[Event "C.to Italiano Semifinale"]
[Site "Cortina d'Ampezzo ITA"]
[Date "2006.07.13"]
[Round "6"]
[White "Cocchi, Andrea"]
[Black "Brancaleoni, Maurizio"]
[Result "1-0"]
[WhiteElo "2333"]
[BlackElo "2275"]
[PlyCount "93"]
[EventDate "2006.07.09"]

1. Nf3 Nf6 2. b4 d5 3. Bb2 Bg4 4. e3 Nbd7 5. Be2 Bxf3 6. Bxf3 e5 7. a3 h5 8. c4
e4 9. Be2 dxc4 10. Bxc4 Bd6 11. d3 Qe7 12. Nd2 exd3 13. Bxd3 Ne5 14. Be2 O-O-O
15. Qc2 Kb8 16. Ne4 Nxe4 17. Qxe4 f5 18. Qxf5 Bxb4+ 19. Kf1 Bd6 20. Qe4 Rd7 21.
Rb1 Ng4 22. Qxe7 Rxe7 23. h3 Nf6 24. Bf3 b6 25. a4 Be5 26. Ba3 Bd6 27. Bxd6
cxd6 28. a5 Rc8 29. axb6 a5 30. Ke2 Ne4 31. Bxe4 Rxe4 32. Rhd1 Rc6 33. Rd5 Re5
34. Rxe5 dxe5 35. Rb5 a4 36. Ra5 Rc2+ 37. Kf3 e4+ 38. Kg3 h4+ 39. Kxh4 Rxf2 40.
g4 Ra2 41. Ra7 Ra3 42. Kg5 Rxe3 43. Rxa4 Re1 44. Ra7 Rh1 45. h4 e3 46. Re7 Rh3
47. h5 1-0

[Event "C.to Italiano Semifinale"]
[Site "Cortina d'Ampezzo ITA"]
[Date "2006.07.13"]
[Round "6"]
[White "Genocchio, Daniele"]
[Black "De Santis, Alessio"]
[Result "1-0"]
[WhiteElo "2345"]
[BlackElo "2337"]
[PlyCount "65"]
[EventDate "2006.07.09"]

1. e4 e6 2. c4 b6 3. Nc3 Bb7 4. Nf3 d6 5. d4 Nd7 6. Bd3 Ne7 7. h4 h6 8. h5 a6
9. Qe2 c5 10. d5 e5 11. Bd2 Nf6 12. Nh4 Bc8 13. Bc2 Qc7 14. Ba4+ Kd8 15. f4 Bg4
16. Qd3 exf4 17. e5 Nxh5 18. exd6 Qxd6 19. Ne4 Qb8 20. O-O g5 21. Bc3 Rg8 22.
d6 gxh4 23. dxe7+ Kxe7 24. Rae1 Be6 25. Ng3 b5 26. Nxh5 h3 27. Rxe6+ fxe6 28.
Qh7+ Kd6 29. Rd1+ Kc6 30. cxb5+ Kb6 31. Qxg8 Qe8 32. Nf6 Qe7 33. Rd7 1-0

[Event "C.to Italiano Semifinale"]
[Site "Cortina d'Ampezzo ITA"]
[Date "2006.07.13"]
[Round "6"]
[White "Scalcione, Michelangelo"]
[Black "Rombaldoni, Axel"]
[Result "1-0"]
[WhiteElo "2267"]
[BlackElo "2169"]
[PlyCount "57"]
[EventDate "2006.07.09"]

1. Nf3 d5 2. d4 e6 3. c4 c6 4. Bg5 Nf6 5. Nc3 Nbd7 6. e3 b6 7. Ne5 Nxe5 8. dxe5
h6 9. Bh4 g5 10. Bg3 Ne4 11. Nxe4 dxe4 12. Qa4 Bb7 13. Rd1 Qc7 14. h4 Rg8 15.
hxg5 Rxg5 16. Bf4 Bg7 17. c5 Bxe5 18. Bxg5 hxg5 19. Qxe4 Bxb2 20. Bc4 Qe7 21.
Rh7 Bc3+ 22. Ke2 Kf8 23. Rd6 Rd8 24. Rxe6 Rd2+ 25. Kf3 g4+ 26. Qxg4 Bc8 27. Qh5
fxe6 28. Rxe7 Kxe7 29. Qh7+ 1-0

[Event "C.to Italiano Semifinale"]
[Site "Cortina d'Ampezzo ITA"]
[Date "2006.07.13"]
[Round "6"]
[White "Vocaturo, Daniele"]
[Black "Mogranzini, Roberto"]
[Result "1-0"]
[WhiteElo "2410"]
[BlackElo "2352"]
[PlyCount "101"]
[EventDate "2006.07.09"]

1. e4 c5 2. Nf3 e6 3. d4 cxd4 4. Nxd4 a6 5. Bd3 Bc5 6. Nb3 Ba7 7. Qe2 Nc6 8.
Be3 d6 9. f4 Bxe3 10. Qxe3 Nf6 11. Nc3 b5 12. O-O-O b4 13. Ne2 e5 14. f5 Bb7
15. g4 Nxg4 16. Qg3 h5 17. h3 Nf6 18. Qxg7 Rg8 19. Qh6 Qe7 20. Qe3 O-O-O 21.
Bc4 Qc7 22. Kb1 Kb8 23. Rhe1 Ne7 24. Bxf7 Rgf8 25. Be6 Bxe4 26. Qd2 Qb6 27. Ng3
Bf3 28. Rc1 h4 29. Nf1 Be4 30. Qg5 Bb7 31. Ne3 Nfd5 32. Nxd5 Nxd5 33. Qxh4 Nf4
34. Qg4 Rh8 35. h4 Qf2 36. Na5 Bf3 37. Qg5 Qxh4 38. Qg1 Qe7 39. Qb6+ Ka8 40.
Re3 Bg2 41. Qxb4 Rb8 42. Qc4 Rb6 43. Rb3 Qa7 44. Qa4 Rhb8 45. Nc4 Rxb3 46. axb3
Ne2 47. Re1 Nd4 48. Nxd6 Nxc2 49. Re4 Qg1+ 50. Kxc2 Qf2+ 51. Kb1 1-0

[Event "C.to Italiano Semifinale"]
[Site "Cortina d'Ampezzo ITA"]
[Date "2006.07.14"]
[Round "7"]
[White "Cocchi, Andrea"]
[Black "Ronchetti, Niccolo'"]
[Result "1/2-1/2"]
[WhiteElo "2333"]
[BlackElo "2421"]
[PlyCount "68"]
[EventDate "2006.07.09"]

1. Nf3 c5 2. c4 Nf6 3. Nc3 Nc6 4. e3 e5 5. d4 cxd4 6. exd4 e4 7. Ng5 Bb4 8. d5
Nb8 9. Bd2 O-O 10. Be2 Qe7 11. O-O Re8 12. Re1 Bxc3 13. Bxc3 h6 14. Nh3 d6 15.
Nf4 Bf5 16. Nh5 Nxh5 17. Bxh5 Nd7 18. Qd4 Qg5 19. Re3 Ne5 20. Be2 b6 21. a4 Bh7
22. Rg3 Qe7 23. f4 exf3 24. gxf3 f6 25. f4 Nf7 26. Bh5 Kf8 27. Kf2 Qe4 28. Rag1
Qf5 29. Bg4 Qc2+ 30. Qd2 Qxa4 31. Be6 g6 32. Qd3 Rac8 33. b4 Qa2+ 34. Qe2 Qxe2+
1/2-1/2

[Event "C.to Italiano Semifinale"]
[Site "Cortina d'Ampezzo ITA"]
[Date "2006.07.14"]
[Round "7"]
[White "Franchini, Gabriele"]
[Black "Bruno, Fabio"]
[Result "0-1"]
[WhiteElo "2292"]
[BlackElo "2388"]
[PlyCount "81"]
[EventDate "2006.07.09"]

1. d4 d5 2. c4 e6 3. Nc3 Nf6 4. cxd5 exd5 5. Bg5 c6 6. e3 Be7 7. Bd3 Nbd7 8.
Nf3 O-O 9. Qc2 Re8 10. O-O h6 11. Bf4 Bf8 12. Rab1 a6 13. Ne5 Nxe5 14. Bxe5 Ng4
15. Bg3 h5 16. h3 h4 17. Bf4 g5 18. hxg4 gxf4 19. exf4 Qf6 20. Bf5 Bxf5 21.
Qxf5 Qxf5 22. gxf5 Bd6 23. g4 Bxf4 24. Kg2 Kg7 25. Rh1 b5 26. Rxh4 b4 27. Na4
Re4 28. Rbh1 Kf6 29. Kf3 Rxd4 30. Nc5 Re8 31. Rh8 Rxh8 32. Rxh8 Bd6 33. Rh6+
Ke7 34. f6+ Kd8 35. Rh8+ Kc7 36. Nxa6+ Kb7 37. Rd8 Rf4+ 38. Ke3 Rxf6 39. Rxd6
Rxd6 40. Nxb4 Re6+ 41. Kf3 0-1

[Event "C.to Italiano Semifinale"]
[Site "Cortina d'Ampezzo ITA"]
[Date "2006.07.14"]
[Round "7"]
[White "Scalcione, Michelangelo"]
[Black "Vocaturo, Daniele"]
[Result "1-0"]
[WhiteElo "2267"]
[BlackElo "2410"]
[PlyCount "91"]
[EventDate "2006.07.09"]

1. Nf3 Nf6 2. c4 g6 3. Nc3 Bg7 4. e4 d6 5. d4 O-O 6. Be2 e5 7. d5 a5 8. Bg5 h6
9. Bh4 Na6 10. Nd2 Bd7 11. a3 Qe8 12. b3 Nh7 13. O-O h5 14. f3 Bf6 15. Bf2 Qe7
16. Rb1 Bh4 17. Qe1 Bxf2+ 18. Qxf2 Qg5 19. Rb2 h4 20. b4 axb4 21. axb4 Nf6 22.
f4 Qxf4 23. Qxf4 exf4 24. Rxf4 Kg7 25. Nf3 h3 26. gxh3 Nb8 27. Ng5 Rh8 28. Bf1
Be8 29. Rbf2 Nbd7 30. Nb5 Rc8 31. h4 Rf8 32. Bh3 b6 33. R4f3 Rh8 34. Rf4 Rf8
35. Rf1 Rh8 36. Nd4 Ra8 37. Bxd7 Nxd7 38. Rxf7+ Kh6 39. Re7 Kh5 40. Nde6 Ne5
41. Nxc7 Rc8 42. c5 bxc5 43. bxc5 Rxc7 44. Rxc7 Bb5 45. Nf7 Rf8 46. Rf4 1-0

[Event "C.to Italiano Semifinale"]
[Site "Cortina d'Ampezzo ITA"]
[Date "2006.07.14"]
[Round "7"]
[White "Ubezio, Marco"]
[Black "Astengo, Corrado"]
[Result "1-0"]
[WhiteElo "2161"]
[BlackElo "2119"]
[PlyCount "61"]
[EventDate "2006.07.09"]

1. d4 d5 2. c4 c6 3. Nc3 Nf6 4. cxd5 cxd5 5. Bf4 a6 6. e3 Bf5 7. Qb3 b5 8. a4
bxa4 9. Qb7 Nbd7 10. Bc7 Qc8 11. Bxa6 Qxb7 12. Bxb7 Ra7 13. Rxa4 Rxb7 14. Ra8+
Nb8 15. Bxb8 Kd7 16. Nf3 e6 17. Ne5+ Ke7 18. O-O Nd7 19. Ba7 g6 20. g4 Bc2 21.
Ra1 Nxe5 22. Bc5+ Kd7 23. dxe5 Bg7 24. R8a7 Kc8 25. Bd6 h5 26. g5 Rd8 27. Nb5
d4 28. exd4 Be4 29. Rc1+ Kd7 30. Rxb7+ Bxb7 31. Rc7+ 1-0

[Event "C.to Italiano Semifinale"]
[Site "Cortina d'Ampezzo ITA"]
[Date "2006.07.15"]
[Round "8"]
[White "Brunello, Sabino"]
[Black "Garcia Palermo, Carlos Horacio"]
[Result "1-0"]
[WhiteElo "2391"]
[BlackElo "2445"]
[PlyCount "91"]
[EventDate "2006.07.09"]

1. e4 e5 2. Nf3 Nc6 3. d4 exd4 4. Nxd4 Bb4+ 5. c3 Bc5 6. Be3 Bb6 7. Bc4 Nge7 8.
O-O O-O 9. Nd2 Nxd4 10. Bxd4 Bxd4 11. cxd4 d5 12. exd5 Nxd5 13. Ne4 Nf4 14. Qf3
Be6 15. Rac1 Bxc4 16. Rxc4 Nd5 17. Nc3 Nb6 18. Rc5 c6 19. Rd1 Qd6 20. Ne4 Qd7
21. Re5 Nd5 22. Nc5 Qc7 23. Rde1 Rad8 24. g3 Qb6 25. Qd3 g6 26. R5e2 a5 27. Nb3
Ra8 28. Nc5 Qc7 29. Qb3 b6 30. Na4 Rad8 31. a3 Rd7 32. Rc1 Rfd8 33. Rec2 Rd6
34. Nc3 Nxc3 35. Rxc3 Qb7 36. Qc2 Rxd4 37. Rxc6 Rd2 38. Qb3 R8d3 39. Qxb6 Rxb2
40. Rc8+ Kg7 41. Qc5 Rbd2 42. Qf8+ Kf6 43. R8c6+ Kf5 44. Qh6 Rd4 45. R1c5+ Kg4
46. h3+ 1-0

[Event "C.to Italiano Semifinale"]
[Site "Cortina d'Ampezzo ITA"]
[Date "2006.07.15"]
[Round "8"]
[White "Bruno, Fabio"]
[Black "Scalcione, Michelangelo"]
[Result "1-0"]
[WhiteElo "2388"]
[BlackElo "2267"]
[PlyCount "73"]
[EventDate "2006.07.09"]

1. c4 d6 2. Nc3 e5 3. g3 f5 4. Bg2 Nf6 5. d4 exd4 6. Qxd4 Nc6 7. Qd2 g6 8. b3
Bg7 9. Bb2 O-O 10. Nh3 Ne5 11. O-O Rb8 12. Rad1 Bd7 13. Qc1 Qe7 14. Nf4 c6 15.
Ba3 Nf7 16. h4 Rbd8 17. Rfe1 Ne4 18. Nxe4 fxe4 19. c5 d5 20. Nxd5 cxd5 21. c6
Qe6 22. cxd7 Rxd7 23. Bxf8 Bxf8 24. Qc8 Nd6 25. Qb8 b6 26. Qa8 Nf5 27. e3 Kg7
28. Re2 Bc5 29. Bh3 Qe5 30. Bxf5 Qxf5 31. Qc8 Qf7 32. Red2 Bb4 33. Rc2 Kh6 34.
Qc6 Qf3 35. Rxd5 Rf7 36. Qc4 Bc5 37. Qe2 1-0

[Event "C.to Italiano Semifinale"]
[Site "Cortina d'Ampezzo ITA"]
[Date "2006.07.15"]
[Round "8"]
[White "Genocchio, Daniele"]
[Black "Mogranzini, Roberto"]
[Result "1-0"]
[WhiteElo "2345"]
[BlackElo "2352"]
[PlyCount "65"]
[EventDate "2006.07.09"]

1. Nf3 Nf6 2. d4 g6 3. Nc3 d5 4. Bf4 c6 5. e3 Bg7 6. Be2 Nbd7 7. Ne5 Nf8 8. Qd2
N6d7 9. Nf3 Ne6 10. Bg3 f5 11. h4 h6 12. Bd3 Rf8 13. Ne2 Qb6 14. c4 dxc4 15.
Bxc4 Nf6 16. Nc3 Ne4 17. Nxe4 fxe4 18. Ne5 Rf6 19. O-O Nc7 20. b4 Bf5 21. a4
Nd5 22. b5 Qd8 23. bxc6 bxc6 24. Rab1 a5 25. Rb3 Nb4 26. Rc3 Rc8 27. Qe2 Qb6
28. f3 exf3 29. Rxf3 h5 30. Rxf5 Rxf5 31. Be6 Nd5 32. Bxf5 Nxc3 33. Qc4 1-0

[Event "C.to Italiano Semifinale"]
[Site "Cortina d'Ampezzo ITA"]
[Date "2006.07.15"]
[Round "8"]
[White "Martorelli, Antonio"]
[Black "Ronchetti, Niccolo'"]
[Result "0-1"]
[WhiteElo "2264"]
[BlackElo "2421"]
[PlyCount "66"]
[EventDate "2006.07.09"]

1. e4 c5 2. Nf3 Nc6 3. Bb5 e6 4. O-O Nge7 5. Re1 a6 6. Bxc6 Nxc6 7. d4 cxd4 8.
Nxd4 Qc7 9. Nxc6 bxc6 10. e5 d5 11. Nd2 Rb8 12. Nf1 Bc5 13. Ng3 O-O 14. Nh5 f5
15. exf6 gxf6 16. c4 Kh8 17. Be3 Bxe3 18. Rxe3 Rxb2 19. cxd5 exd5 20. Qd4 Rb7
21. Qxf6+ Kg8 22. Qd4 Bf5 23. Nf6+ Kf7 24. Rc1 c5 25. Qh4 d4 26. Rf3 Qe5 27.
Qh5+ Kg7 28. Ne4 Qxe4 29. Rg3+ Kh8 30. Qd1 Rb1 31. Rxb1 Qxb1 32. Qxb1 Bxb1 33.
Ra3 d3 0-1

[Event "C.to Italiano Semifinale"]
[Site "Cortina d'Ampezzo ITA"]
[Date "2006.07.15"]
[Round "8"]
[White "Vocaturo, Daniele"]
[Black "Piscopo, Pierluigi"]
[Result "1-0"]
[WhiteElo "2410"]
[BlackElo "2393"]
[PlyCount "123"]
[EventDate "2006.07.09"]

1. e4 c5 2. Nf3 e6 3. d4 cxd4 4. Nxd4 Nc6 5. Nc3 Qc7 6. f4 a6 7. Be2 b5 8. Nxc6
Qxc6 9. Bf3 Bb7 10. e5 Qc7 11. Ne4 Rc8 12. O-O Nh6 13. Be3 Nf5 14. Bf2 d5 15.
exd6 Bxd6 16. Nxd6+ Nxd6 17. Bxb7 Nxb7 18. a4 O-O 19. axb5 axb5 20. Qf3 Qc6 21.
Qxc6 Rxc6 22. c3 Nd6 23. Ra5 Rb8 24. Rfa1 h6 25. Bd4 Rb7 26. Ra7 Rcc7 27. Rxb7
Rxb7 28. Kf1 Nc4 29. Ra2 f6 30. b3 e5 31. fxe5 fxe5 32. Bc5 Rc7 33. Ba7 Nd6 34.
Bb8 Rc6 35. Re2 Nf7 36. Bxe5 Nxe5 37. Rxe5 Rxc3 38. Rxb5 Rc2 39. h4 Rb2 40. h5
Rd2 41. Kg1 Re2 42. Kh2 Rf2 43. Rd5 Rf6 44. b4 Rf4 45. b5 Rb4 46. Rf5 Rb3 47.
g4 g6 48. hxg6 Kg7 49. Kg2 Kxg6 50. Kf2 Rb4 51. Kg3 Rb3+ 52. Kh4 Kg7 53. Rc5
Kf7 54. Rc7+ Kg6 55. Rc6+ Kh7 56. b6 Kg7 57. Rd6 Kh7 58. g5 hxg5+ 59. Kxg5 Kg7
60. Rd7+ Kf8 61. b7 Ke8 62. Rc7 1-0

[Event "C.to Italiano Semifinale"]
[Site "Cortina d'Ampezzo ITA"]
[Date "2006.07.16"]
[Round "9"]
[White "Borgo, Giulio"]
[Black "Cocchi, Andrea"]
[Result "1-0"]
[WhiteElo "2414"]
[BlackElo "2333"]
[PlyCount "51"]
[EventDate "2006.07.09"]

1. e4 c5 2. Nf3 Nc6 3. d4 cxd4 4. Nxd4 Nf6 5. Nc3 d6 6. Bg5 Bd7 7. Be2 Qa5 8.
Bxf6 gxf6 9. O-O h5 10. Nd5 h4 11. h3 Rc8 12. Bg4 Nxd4 13. Bxd7+ Kxd7 14. Qxd4
Qc5 15. Qa4+ Kd8 16. b4 Qc6 17. Qxa7 e6 18. Qa5+ Ke8 19. Nxf6+ Ke7 20. Qg5 Kd8
21. Nd5+ Kd7 22. Qf6 Rh7 23. Rfe1 Ke8 24. Rad1 Qxc2 25. Qf4 Kd8 26. Nf6 1-0

[Event "C.to Italiano Semifinale"]
[Site "Cortina d'Ampezzo ITA"]
[Date "2006.07.16"]
[Round "9"]
[White "De Santis, Alessio"]
[Black "Vezzosi, Paolo"]
[Result "1-0"]
[WhiteElo "2337"]
[BlackElo "2356"]
[PlyCount "91"]
[EventDate "2006.07.09"]

1. d4 Nf6 2. c4 e6 3. Nc3 Bb4 4. Qc2 O-O 5. a3 Bxc3+ 6. Qxc3 Ne4 7. Qc2 f5 8.
g3 b6 9. Bg2 Bb7 10. Nf3 Nd6 11. O-O Be4 12. Qc3 a5 13. Bg5 Qe8 14. Bf4 a4 15.
Rac1 Nc6 16. Rfd1 Qc8 17. d5 Na5 18. Nd2 Bxg2 19. Kxg2 Ndb7 20. Be5 Rf7 21.
dxe6 dxe6 22. h4 Nc5 23. h5 Qb7+ 24. f3 h6 25. Qe3 Re8 26. Bc3 Nc6 27. Rh1 e5
28. Rh4 Qb8 29. Rg1 Qd8 30. Kh1 Rd7 31. Nf1 Ne6 32. Qf2 Ned4 33. e3 Nb3 34. g4
Rf8 35. gxf5 Rxf5 36. Nh2 Nc5 37. Rhg4 Qf8 38. f4 Ne4 39. Qg2 Nxc3 40. Qxc6 Ne2
41. Qxd7 Nxg1 42. Kxg1 exf4 43. Rxf4 Rxf4 44. exf4 Qxf4 45. Qe8+ Kh7 46. Qe2
1-0

[Event "C.to Italiano Semifinale"]
[Site "Cortina d'Ampezzo ITA"]
[Date "2006.07.16"]
[Round "9"]
[White "Garcia Palermo, Carlos Horacio"]
[Black "Pantaleoni, Claudio"]
[Result "1-0"]
[WhiteElo "2445"]
[BlackElo "2222"]
[PlyCount "39"]
[EventDate "2006.07.09"]

1. d4 e6 2. c4 Nf6 3. Nf3 d5 4. e3 Be7 5. Nbd2 O-O 6. b3 Nbd7 7. Bb2 b6 8. Bd3
Bb7 9. O-O Ne4 10. Rc1 Nxd2 11. Qxd2 dxc4 12. Rxc4 c5 13. Rd1 Qb8 14. dxc5 Nxc5
15. Qc3 f6 16. Rh4 g6 17. Ng5 Qe5 18. Nxh7 Qxc3 19. Bxc3 Nxd3 20. Nxf8 1-0

[Event "XIII Festival A"]
[Site "Campobasso ITA"]
[Date "2006.07.21"]
[Round "1"]
[White "Affinito, Pancrazio"]
[Black "Corvi, Marco"]
[Result "0-1"]
[WhiteElo "2063"]
[BlackElo "2318"]
[PlyCount "80"]
[EventDate "2006.07.21"]

1. d4 f5 2. Nf3 Nf6 3. g3 d6 4. c4 g6 5. Bg2 Bg7 6. Nc3 Nc6 7. O-O O-O 8. d5
Na5 9. Qd3 c5 10. Bf4 a6 11. a4 Ne4 12. Ng5 e5 13. dxe6 Nxg5 14. e7 Qxe7 15.
Bxd6 Qd8 16. Bxf8 Qxd3 17. exd3 Kxf8 18. Rfe1 Bd7 19. Re2 Nb3 20. Rb1 Nd4 21.
Re3 Bc6 22. Nd5 Re8 23. Rxe8+ Kxe8 24. Nc7+ Kd7 25. Bxc6+ Kxc6 26. Nd5 Ngf3+
27. Kg2 a5 28. h4 Kd6 29. Ne3 Ne5 30. Rd1 Nec6 31. Nd5 Nb4 32. Nxb4 cxb4 33.
Re1 Nb3 34. Rb1 Kc5 35. Re1 Bxb2 36. Rb1 Bc3 37. Rxb3 Kd4 38. Rb1 Kxd3 39. Rd1+
Bd2 40. c5 b3 0-1

[Event "XIII Festival A"]
[Site "Campobasso ITA"]
[Date "2006.07.21"]
[Round "1"]
[White "Borino, Paolo"]
[Black "Gromovs, Sergejs"]
[Result "1/2-1/2"]
[WhiteElo "2001"]
[BlackElo "2314"]
[PlyCount "61"]
[EventDate "2006.07.21"]

1. f4 e5 2. e4 d5 3. exd5 e4 4. d3 Nf6 5. dxe4 Nxe4 6. Qe2 f5 7. Nc3 Be7 8.
Nxe4 fxe4 9. Qxe4 O-O 10. Be3 Bc5 11. O-O-O Re8 12. Qxe8+ Qxe8 13. Bxc5 Bg4 14.
Nf3 Qa4 15. Rd4 Qa5 16. Bb4 Qb6 17. Bc3 Bxf3 18. gxf3 Nd7 19. Bh3 Nf6 20. Be6+
Kh8 21. Rg1 a5 22. f5 Qd6 23. Rh4 Qe7 24. Re4 h6 25. Be5 Ne8 26. Reg4 a4 27.
Rg6 Kh7 28. R1g3 Nf6 29. Rh3 Rf8 30. Bf4 Ng8 31. Be5 1/2-1/2